Informačné riziká podnikateľských subjektov a problémy ich poistiteľnosti

Informácie a informačné technológie v podnikateľskej sfére. Charakteristika informačných technológií / informačných systémov. Riziká informačných technológií / informačných systémov. Poistiteľnosť rizika informačných technológií / informačných systémov.

Salvato in:
Dettagli Bibliografici
Autore principale: Brokešová, Zuzana, 1985-
Natura: Capitolo di libro
Lingua:slovacco
Soggetti:
Tags: Aggiungi Tag
Nessun Tag, puoi essere il primo ad aggiungerne!!

MARC

LEADER 00000nla$a2200000$$$4500
001 0105408
005 20240502072150.1
041 0 |a slo 
044 |a SK 
245 1 0 |a Informačné riziká podnikateľských subjektov a problémy ich poistiteľnosti  |c Zuzana Brokešová 
520 |a Informácie a informačné technológie v podnikateľskej sfére. Charakteristika informačných technológií / informačných systémov. Riziká informačných technológií / informačných systémov. Poistiteľnosť rizika informačných technológií / informačných systémov. 
610 2 0 |a riziko poistné 
610 2 0 |a technológie informačné 
610 2 0 |a technológie komunikačné 
610 2 0 |a systémy informačné 
610 2 0 |a prostredie podnikové 
610 2 0 |a prostredie podnikateľské 
100 1 |a Brokešová, Zuzana, 1985-